000 00891nam a22002537a 4500
003 0
005 20180802122649.0
008 0
010 _aB-092568
020 _c175.00
_a8171416292
035 _aB-092568, B-092569, B-092572
037 _bCen Lib/Ret
040 _aDPL
_bEN
_c0
082 _a338.642
_bNAR
100 _aNarasaiah, M. Lakshmi
_96961
245 _aInustrialisation in backward areas /
_cby M.Lakshmi Narasaiah
260 _bDiscovery Publishing House
_c2003
_aNew Delhi
270 _bNew Delhi
_a4831/24, ansari road, dariya ganj
_e110002
300 _a69p.
_c21cm(Hb)
500 _aIncludes bibliographical references and index
650 _aIndustrial development
_914944
650 _aEconomic development
_91481
942 _2ddc
_cEN
_h338.642
_mNAR
999 _c126869
_d126869